Statistics for Dice Throw

Click here to take the quiz!

General Stats

  • This quiz has been taken 101 times
  • The average score is 2 of 12

Answer Stats

QuestionAnswer% Correct
4th throw3
24%
5th throw3
23%
8th throw3
22%
12th throw3
20%
7th throw3
18%
3rd throw6
18%
11th throw1
17%
2nd throw5
17%
9th throw2
15%
1st throw5
14%
6th throw5
14%
10th throw6
13%

Score Distribution

Percentile by Number Answered

Percent of People with Each Score

Your Score History

You have not taken this quiz